| 000 | 01374nam a22003494a 4500 | ||
|---|---|---|---|
| 001 | ebr10201397 | ||
| 003 | CaPaEBR | ||
| 006 | m u | ||
| 007 | cr cn||||||||| | ||
| 008 | 051207s2006 njua sb 001 0 eng | ||
| 010 | _z 2005057872 | ||
| 020 | _z9812566171 (hdbk. : alk. paper) | ||
| 020 | _z9789812566171 | ||
| 040 |
_aCaPaEBR _cCaPaEBR |
||
| 035 | _a(OCoLC)614464067 | ||
| 050 | 1 | 4 |
_aQA269 _b.T578 2006eb |
| 082 | 0 | 4 |
_a519.3 _222 |
| 100 | 1 |
_aThomas, G. H. _q(Gerald Harper), _d1942- |
|
| 245 | 1 | 0 |
_aGeometry, language and strategy _h[electronic resource] / _cGerald H. Thomas. |
| 260 |
_aHackensack, N.J. : _bWorld Scientific, _cc2006. |
||
| 300 |
_axi, 240 p. : _bill. (some col.). |
||
| 490 | 1 |
_aSeries on knots and everything ; _vv. 37 |
|
| 504 | _aIncludes bibliographical references (p. 233-235) and index. | ||
| 533 |
_aElectronic reproduction. _bPalo Alto, Calif. : _cebrary, _d2013. _nAvailable via World Wide Web. _nAccess may be limited to ebrary affiliated libraries. |
||
| 650 | 0 | _aGame theory. | |
| 650 | 0 | _aStatistical decision. | |
| 650 | 0 | _aManagement science. | |
| 655 | 7 |
_aElectronic books. _2local |
|
| 710 | 2 | _aebrary, Inc. | |
| 830 | 0 |
_aK & E series on knots and everything ; _vv. 37. |
|
| 856 | 4 | 0 |
_uhttp://site.ebrary.com/lib/rucke/Doc?id=10201397 _zAn electronic book accessible through the World Wide Web; click to view |
| 999 |
_c120106 _d120106 |
||